Vuoden artistin Emma-palkinnon voittajat - Statistics

Yleistilastot
  • Tätä visaa on pelattu 41 kertaa
    31 viimeisimmän päivityksen jälkeen
  • Keskiarvotulos 5 / 6
Vastaustilastot
Artisti % Oikein
Käärijä
100%
Mirella
100%
Bess
93%
Behm
90%
Ellinoora
90%
Lauri Haav
72%
Ehtoja vastaavia visoja ei löytynyt
Tulosjakauma
Jokaisen tuloksen saaneiden osuus
Persentiili vastausten määrän mukaan
Tuloshistoriasi
Et ole pelannut tätä visaa sen viimeisimmän päivityksen jälkeen